[Event "Oberliga Ost A"]
[Site "?"]
[Date "2022.05.01"]
[Round "3.2"]
[White "Matthey, Harald"]
[Black "Hellwig, Tobias"]
[Result "0-1"]
[WhiteElo "2098"]
[BlackElo "2228"]
[PlyCount "70"]
[EventDate "2021.10.10"]
[EventType "team-tourn"]
[EventCountry "GER"]
[WhiteTeam "Dessau SK"]
[BlackTeam "Sangerhausen SV"]
[WhiteTeamCountry "GER"]
[BlackTeamCountry "GER"]

1. d4 d5 2. Nf3 Nf6 3. c4 c6 4. Nbd2 g6 5. g3 Bg7 6. Bg2 O-O 7. O-O Ne4 8. Qb3
Nxd2 9. Bxd2 dxc4 10. Qxc4 Bg4 11. Be3 Nd7 12. Rfd1 Be6 13. Qb4 Nb6 14. Bc1 Bd5
15. Qe1 Be4 16. Ng5 Bxg2 17. Kxg2 Qd5+ 18. e4 Qb5 19. Nf3 Rfd8 20. b3 c5 21.
Be3 c4 22. Qe2 Rac8 23. Rab1 Qa6 24. d5 Rd7 25. Bxb6 axb6 26. bxc4 Qxc4 27. Qe3
Qxa2 28. Rxb6 e6 29. Rd2 Qa5 30. dxe6 Rxd2 31. exf7+ Kf8 32. Nxd2 Rc3 33. Nb3
Qa7 34. Qd2 Qxb6 35. Qd7 Qc6 0-1

[Event "Oberliga Ost A"]
[Site "?"]
[Date "2022.05.01"]
[Round "3.3"]
[White "Heyder, Florian"]
[Black "Schubert, Ralf"]
[Result "0-1"]
[WhiteElo "2215"]
[BlackElo "2109"]
[PlyCount "104"]
[EventDate "2021.10.10"]
[EventType "team-tourn"]
[EventCountry "GER"]
[WhiteTeam "Sangerhausen SV"]
[BlackTeam "Dessau SK"]
[WhiteTeamCountry "GER"]
[BlackTeamCountry "GER"]

1. d4 Nf6 2. c4 g6 3. Nc3 Bg7 4. e4 d6 5. Be2 O-O 6. Be3 e5 7. d5 Ne8 8. g4 f5
9. gxf5 gxf5 10. exf5 Bxf5 11. Nf3 Nd7 12. Rg1 Kh8 13. Ng5 Nc5 14. Bg4 Nd3+ 15.
Ke2 Nxf2 16. Bxf2 Qxg5 17. Bxf5 Qxf5 18. Bg3 Qg4+ 19. Kd3 Qd4+ 20. Kc2 Qxc4 21.
Qd2 Nf6 22. Rae1 Rf7 23. Qg2 Raf8 24. Kb1 b5 25. Rd1 b4 26. Ne2 Qe4+ 27. Qxe4
Nxe4 28. Bh4 a5 29. Kc2 Nc5 30. Rg4 Rf1 31. Rxf1 Rxf1 32. Rg2 e4 33. Ng3 Rf8
34. b3 Be5 35. Re2 Bxg3 36. Bxg3 Rf5 37. Rd2 Kg7 38. Kd1 Kf7 39. Ke2 Ke7 40.
Ke3 Rf3+ 41. Ke2 Rd3 42. Rxd3 Nxd3 43. Ke3 Nc1 44. Kxe4 Nxa2 45. Kd4 Kd7 46.
Bh4 Nc1 47. Kc4 c6 48. Bg5 cxd5+ 49. Kb5 Nxb3 50. Ka4 Nc5+ 51. Kxa5 b3 52. Bf4
Nd3 0-1

[Event "Oberliga Ost A"]
[Site "?"]
[Date "2022.05.01"]
[Round "3.4"]
[White "Erler, Rainer"]
[Black "Guenther, Christian"]
[Result "0-1"]
[WhiteElo "2100"]
[BlackElo "2146"]
[PlyCount "82"]
[EventDate "2021.10.10"]
[EventType "team-tourn"]
[EventCountry "GER"]
[WhiteTeam "Dessau SK"]
[BlackTeam "Sangerhausen SV"]
[WhiteTeamCountry "GER"]
[BlackTeamCountry "GER"]

1. e4 Nf6 2. Nc3 d5 3. e5 Nfd7 4. d4 c5 5. Nf3 e6 6. Ne2 cxd4 7. Nexd4 Nc6 8.
Nxc6 bxc6 9. Bd3 Ba6 10. O-O Bxd3 11. cxd3 Be7 12. Qa4 Qc7 13. Re1 O-O 14. Qg4
Rfe8 15. Bh6 Bf8 16. Rac1 Rab8 17. Rc2 Rb4 18. Qg3 Qb7 19. b3 c5 20. Rec1 Qa6
21. Bd2 Rb7 22. d4 Rc8 23. Be3 Rbc7 24. Nd2 Qb7 25. dxc5 Nxc5 26. Bxc5 Bxc5 27.
Qd3 Qb6 28. Kf1 Ba3 29. Rxc7 Rxc7 30. Rxc7 Qxc7 31. Nf3 Qc1+ 32. Ke2 Bb4 33. a4
h6 34. Qd1 Qc3 35. Qd3 Qb2+ 36. Kd1 Qxf2 37. Qe2 Qc5 38. Qc2 Qe3 39. Qc8+ Kh7
40. Qc2+ g6 41. h4 Kg7 0-1

[Event "Oberliga Ost A"]
[Site "?"]
[Date "2022.05.01"]
[Round "3.5"]
[White "Ellemann, Stefan"]
[Black "Leibovitch, Iziaslav"]
[Result "0-1"]
[WhiteElo "2036"]
[BlackElo "2074"]
[PlyCount "72"]
[EventDate "2021.10.10"]
[EventType "team-tourn"]
[EventCountry "GER"]
[WhiteTeam "Sangerhausen SV"]
[BlackTeam "Dessau SK"]
[WhiteTeamCountry "GER"]
[BlackTeamCountry "GER"]

1. Nf3 Nf6 2. b3 g6 3. Bb2 Bg7 4. e3 d6 5. d4 Nbd7 6. Be2 O-O 7. O-O e5 8. c4
e4 9. Nfd2 Re8 10. Qc2 Qe7 11. Nc3 c6 12. Rae1 Nf8 13. f3 exf3 14. Bxf3 Bf5 15.
e4 Ng4 16. Nd1 Bd7 17. h3 Nh6 18. Nf2 Ne6 19. e5 dxe5 20. dxe5 Nf5 21. Ng4 Qc5+
22. Kh2 Ned4 23. Qd3 Rad8 24. Nf6+ Kh8 25. Nxe8 Bxe5+ 26. Rxe5 Qxe5+ 27. Kg1
Bxe8 28. Qb1 Qe3+ 29. Rf2 Ng3 30. Nf1 Nxf1 31. Kxf1 Kg8 32. Bd1 c5 33. Bc1 Qe5
34. Bf4 Qf5 35. Qc1 Qd3+ 36. Kg1 Bc6 0-1

[Event "Oberliga Ost A"]
[Site "?"]
[Date "2022.05.01"]
[Round "3.6"]
[White "Ozeran, Volodymyr"]
[Black "Richter, Dustin"]
[Result "1/2-1/2"]
[WhiteElo "2081"]
[BlackElo "2145"]
[PlyCount "33"]
[EventDate "2021.10.10"]
[EventType "team-tourn"]
[EventCountry "GER"]
[WhiteTeam "Dessau SK"]
[BlackTeam "Sangerhausen SV"]
[WhiteTeamCountry "GER"]
[BlackTeamCountry "GER"]

1. d4 Nf6 2. Nf3 g6 3. g3 Bg7 4. Bg2 O-O 5. O-O c5 6. c4 cxd4 7. Nxd4 Nc6 8.
Nc3 d6 9. Nxc6 bxc6 10. Qa4 Bd7 11. Bxc6 Bxc6 12. Qxc6 Rc8 13. Qa4 Nd7 14. Be3
Bxc3 15. bxc3 Qc7 16. Rab1 Ne5 17. c5 1/2-1/2

[Event "Oberliga Ost A"]
[Site "?"]
[Date "2022.05.01"]
[Round "3.7"]
[White "Buerckner, Georg"]
[Black "Schneider, Jens Erik"]
[Result "1/2-1/2"]
[WhiteElo "2039"]
[BlackElo "2031"]
[PlyCount "26"]
[EventDate "2021.10.10"]
[EventType "team-tourn"]
[EventCountry "GER"]
[WhiteTeam "Sangerhausen SV"]
[BlackTeam "Dessau SK"]
[WhiteTeamCountry "GER"]
[BlackTeamCountry "GER"]

1. e4 Nf6 2. Nc3 d5 3. exd5 Nxd5 4. Nxd5 Qxd5 5. d4 e6 6. Nf3 Nd7 7. Bd3 b6 8.
O-O Bb7 9. Re1 Qh5 10. Bf4 Bxf3 11. Qxf3 Qxf3 12. gxf3 Bd6 13. Bxd6 cxd6
1/2-1/2

[Event "Oberliga Ost A"]
[Site "?"]
[Date "2022.05.01"]
[Round "3.1"]
[White "Stolz, Mike"]
[Black "Zwahr, Paul"]
[Result "1/2-1/2"]
[WhiteElo "2339"]
[BlackElo "2290"]
[PlyCount "61"]
[EventDate "2021.10.10"]
[EventType "team-tourn"]
[EventCountry "GER"]
[WhiteTeam "Magdeburg SV Rochade"]
[BlackTeam "Dresden SG Gruen Weiss"]
[WhiteTeamCountry "GER"]
[BlackTeamCountry "GER"]

1. e4 e5 2. Nf3 Nc6 3. Bc4 Nf6 4. d3 Bc5 5. O-O d6 6. c3 a6 7. a4 O-O 8. Be3
Bxe3 9. fxe3 d5 10. exd5 Nxd5 11. Qe2 Bg4 12. Nbd2 Nb6 13. Bb3 Qe7 14. a5 Nc8
15. Bd5 Qd7 16. e4 N8e7 17. Bc4 Be6 18. Ng5 Bxc4 19. Nxc4 f6 20. Nf3 Ng6 21. g3
Rad8 22. Rad1 Rfe8 23. Qe3 Qe6 24. Kh1 Rd7 25. Rf2 Red8 26. Rfd2 Qf7 27. Rf1
Qe6 28. Rfd1 Qf7 29. Rf1 Qe6 30. Rfd1 Qf7 31. Rf1 1/2-1/2

[Event "Oberliga Ost A"]
[Site "?"]
[Date "2022.05.01"]
[Round "3.2"]
[White "Dahl, Christoph"]
[Black "Niering, Martin"]
[Result "1-0"]
[WhiteElo "2368"]
[BlackElo "2166"]
[PlyCount "73"]
[EventDate "2021.10.10"]
[EventType "team-tourn"]
[EventCountry "GER"]
[WhiteTeam "Dresden SG Gruen Weiss"]
[BlackTeam "Magdeburg SV Rochade"]
[WhiteTeamCountry "GER"]
[BlackTeamCountry "GER"]

1. e4 e5 2. Nf3 Nc6 3. Bb5 f5 4. d3 fxe4 5. dxe4 Nf6 6. O-O d6 7. Nc3 Be7 8.
Qd3 O-O 9. Qc4+ Kh8 10. Bxc6 bxc6 11. Qxc6 Rb8 12. Qa4 Rb6 13. Qxa7 Bd7 14. b3
Bc6 15. Be3 Rb8 16. Qa6 Bxe4 17. Nxe4 Nxe4 18. Qc6 Nf6 19. h3 Qc8 20. a4 Ra8
21. a5 Ra6 22. Qb5 c6 23. Qe2 e4 24. Ng5 Ra8 25. f3 exf3 26. Nxf3 Nd5 27. Bd2
Bf6 28. Rae1 c5 29. Qe6 Qc6 30. Ng5 Bxg5 31. Rxf8+ Rxf8 32. Bxg5 Nb4 33. Qe7
Rg8 34. Re2 h6 35. Bf4 d5 36. Re6 Qc8 37. Rxh6+ 1-0

[Event "Oberliga Ost A"]
[Site "?"]
[Date "2022.05.01"]
[Round "3.3"]
[White "Kahe, Ralph"]
[Black "Genkin, Michael"]
[Result "0-1"]
[WhiteElo "2170"]
[BlackElo "2271"]
[PlyCount "126"]
[EventDate "2021.10.10"]
[EventType "team-tourn"]
[EventCountry "GER"]
[WhiteTeam "Magdeburg SV Rochade"]
[BlackTeam "Dresden SG Gruen Weiss"]
[WhiteTeamCountry "GER"]
[BlackTeamCountry "GER"]

1. d4 Nf6 2. c4 e6 3. Nc3 d5 4. Bg5 Be7 5. e3 b6 6. Nf3 Bb7 7. Bxf6 Bxf6 8.
cxd5 exd5 9. Be2 O-O 10. b4 c5 11. bxc5 bxc5 12. Rb1 Bc6 13. Qd2 c4 14. O-O Qd6
15. Qb2 Na6 16. Nb5 Qd7 17. Nc3 Qd6 18. Nb5 Qd7 19. Nc3 Rfe8 20. Qa3 Nc7 21.
Qa5 Qd6 22. Bd1 a6 23. Qb4 Qxb4 24. Rxb4 Rab8 25. Rxb8 Rxb8 26. Ba4 Bxa4 27.
Nxa4 Kf8 28. Ra1 Ke7 29. Ne1 Kd6 30. Nc2 Bg5 31. Kf1 f5 32. g3 Bf6 33. h4 g6
34. Ke2 Kc6 35. Kd2 Be7 36. Kc1 a5 37. Rb1 Rxb1+ 38. Kxb1 Nb5 39. Kc1 Bb4 40.
Kd1 Nd6 41. a3 Kb5 42. Nb2 Bc3 43. a4+ Kc6 44. Kc1 Bxb2+ 45. Kxb2 Ne4 46. Ne1
Nxf2 47. Nf3 Ne4 48. Ne5+ Kc7 49. g4 Nf2 50. gxf5 gxf5 51. Nf3 Nd1+ 52. Kc1
Nxe3 53. Ng5 h6 54. Ne6+ Kd6 55. Nf4 Ng4 56. Kd2 Nf6 57. Kc2 Nd7 58. Kb2 Nf8
59. Kc3 Ne6 60. Ng6 f4 61. Ne5 Nd8 62. Ng6 f3 63. Kd2 c3+ 0-1

[Event "Oberliga Ost A"]
[Site "?"]
[Date "2022.05.01"]
[Round "3.4"]
[White "Siedentopf, Daniel"]
[Black "Schulze, Nick"]
[Result "1-0"]
[WhiteElo "2262"]
[BlackElo "1953"]
[PlyCount "45"]
[EventDate "2021.10.10"]
[EventType "team-tourn"]
[EventCountry "GER"]
[WhiteTeam "Dresden SG Gruen Weiss"]
[BlackTeam "Magdeburg SV Rochade"]
[WhiteTeamCountry "GER"]
[BlackTeamCountry "GER"]

1. d4 Nf6 2. c4 e6 3. Nc3 d5 4. cxd5 exd5 5. Bg5 c6 6. e3 Bd6 7. Bd3 O-O 8. Qc2
h6 9. Bh4 Re8 10. h3 Nbd7 11. Nf3 Nf8 12. O-O-O b5 13. Kb1 a5 14. e4 b4 15. e5
bxc3 16. exf6 g6 17. Qxc3 Qb6 18. Rc1 Rb8 19. Rc2 Bd7 20. Qd2 Kh7 21. Bg5 Bb4
22. Qf4 Ba3 23. Qh4 1-0

[Event "Oberliga Ost A"]
[Site "?"]
[Date "2022.05.01"]
[Round "3.6"]
[White "Kunze, Christopher"]
[Black "Hoffmann, Uwe"]
[Result "1/2-1/2"]
[WhiteElo "2118"]
[BlackElo "2072"]
[PlyCount "33"]
[EventDate "2021.10.10"]
[EventType "team-tourn"]
[EventCountry "GER"]
[WhiteTeam "Dresden SG Gruen Weiss"]
[BlackTeam "Magdeburg SV Rochade"]
[WhiteTeamCountry "GER"]
[BlackTeamCountry "GER"]

1. e4 d6 2. Nc3 Nf6 3. f4 g6 4. Nf3 Bg7 5. Bc4 O-O 6. O-O Nxe4 7. Nxe4 d5 8.
Bd3 dxe4 9. Bxe4 Nd7 10. c3 Nc5 11. Bc2 Nd3 12. Ne1 Nxc1 13. Rxc1 Qd6 14. d4 c5
15. dxc5 Qxc5+ 16. Kh1 Qb5 17. Nd3 1/2-1/2

[Event "Oberliga Ost A"]
[Site "?"]
[Date "2022.05.01"]
[Round "3.8"]
[White "Hutsch, Oliver"]
[Black "Weitz, Andreas"]
[Result "1/2-1/2"]
[WhiteElo "2142"]
[BlackElo "1917"]
[PlyCount "42"]
[EventDate "2021.10.10"]
[EventType "team-tourn"]
[EventCountry "GER"]
[WhiteTeam "Dresden SG Gruen Weiss"]
[BlackTeam "Magdeburg SV Rochade"]
[WhiteTeamCountry "GER"]
[BlackTeamCountry "GER"]

1. d4 d5 2. Nf3 c6 3. g3 Nf6 4. Bg2 Bf5 5. O-O h6 6. Nbd2 e6 7. c3 Nbd7 8. Ne1
e5 9. dxe5 Nxe5 10. Ndf3 Nxf3+ 11. Nxf3 Bc5 12. Nd4 Bh7 13. Be3 Bb6 14. a4 O-O
15. Qb3 c5 16. Nf3 Qe7 17. Qa3 Ng4 18. Bd2 a6 19. h3 Nf6 20. Be3 Rfe8 21. Rad1
Rad8 1/2-1/2

[Event "Oberliga Ost A"]
[Site "?"]
[Date "2022.05.01"]
[Round "3.1"]
[White "Hoepfl, Thomas"]
[Black "Mueller, Frank"]
[Result "1-0"]
[WhiteElo "2254"]
[BlackElo "2276"]
[PlyCount "41"]
[EventDate "2021.10.10"]
[EventType "team-tourn"]
[EventCountry "GER"]
[WhiteTeam "Halle USV"]
[BlackTeam "Leipzig VfB"]
[WhiteTeamCountry "GER"]
[BlackTeamCountry "GER"]

1. e4 d6 2. d4 Nf6 3. Nc3 Nbd7 4. Nf3 e5 5. Bc4 Be7 6. O-O c6 7. a4 h6 8. Qe2
a5 9. Rd1 Qc7 10. Ba2 O-O 11. h3 Bd8 12. Be3 Re8 13. Nh4 exd4 14. Bxd4 Nxe4 15.
Bxf7+ Kxf7 16. Qh5+ Kf8 17. Bxg7+ Kxg7 18. Nf5+ Kf6 19. Qxh6+ Kf7 20. Qg7+ Ke6
21. Nd4# 1-0

[Event "Oberliga Ost A"]
[Site "?"]
[Date "2022.05.01"]
[Round "3.5"]
[White "Sukaylo, Aleksey"]
[Black "Just, Wolfgang"]
[Result "1/2-1/2"]
[WhiteElo "2107"]
[BlackElo "2075"]
[PlyCount "62"]
[EventDate "2021.10.10"]
[EventType "team-tourn"]
[EventCountry "GER"]
[WhiteTeam "Halle USV"]
[BlackTeam "Leipzig VfB"]
[WhiteTeamCountry "GER"]
[BlackTeamCountry "GER"]

1. e4 e6 2. d4 d5 3. Nc3 Bb4 4. e5 c5 5. a3 Ba5 6. b4 cxb4 7. Nb5 Nc6 8. axb4
Bxb4+ 9. c3 Be7 10. Ba3 Bxa3 11. Rxa3 Nh6 12. Nd6+ Kf8 13. Bd3 Qc7 14. f4 f6
15. Nf3 Nf7 16. Nxf7 Kxf7 17. exf6 gxf6 18. O-O Bd7 19. Kh1 Ke7 20. f5 exf5 21.
Qe2+ Kd8 22. Nh4 Qd6 23. Raa1 Kc7 24. Bxf5 Rae8 25. Qf3 Rhf8 26. Qd3 Kb8 27.
Bxh7 Ne7 28. Bg6 Nxg6 29. Nxg6 Rf7 30. Nf4 a6 31. Qf3 b5 1/2-1/2

[Event "Oberliga Ost A"]
[Site "?"]
[Date "2022.05.01"]
[Round "3.6"]
[White "Rohne, Lars"]
[Black "Luther, Juergen"]
[Result "1/2-1/2"]
[WhiteElo "2111"]
[BlackElo "2115"]
[PlyCount "20"]
[EventDate "2021.10.10"]
[EventType "team-tourn"]
[EventCountry "GER"]
[WhiteTeam "Leipzig VfB"]
[BlackTeam "Halle USV"]
[WhiteTeamCountry "GER"]
[BlackTeamCountry "GER"]

1. e4 e6 2. d4 d5 3. Nd2 Nf6 4. e5 Nfd7 5. Bd3 c5 6. c3 Nc6 7. Ne2 c4 8. Bb1 b5
9. O-O Nb6 10. Qe1 Bd7 1/2-1/2

[Event "Oberliga Ost A"]
[Site "?"]
[Date "2022.05.01"]
[Round "3.8"]
[White "Mader, Joerg"]
[Black "Perekhozhuk, Maksym"]
[Result "0-1"]
[WhiteElo "2096"]
[BlackElo "1978"]
[PlyCount "32"]
[EventDate "2021.10.10"]
[EventType "team-tourn"]
[EventCountry "GER"]
[WhiteTeam "Leipzig VfB"]
[BlackTeam "Halle USV"]
[WhiteTeamCountry "GER"]
[BlackTeamCountry "GER"]

1. d4 Nf6 2. c4 c5 3. d5 b5 4. cxb5 a6 5. bxa6 g6 6. Nc3 Bg7 7. e4 O-O 8. Nf3
d6 9. Be2 Qa5 10. O-O Bxa6 11. Re1 Nbd7 12. Nd2 Rfb8 13. Qc2 Bxe2 14. Rxe2 Nb6
15. b3 Nfxd5 16. exd5 Qxc3 0-1

[Event "Oberliga Ost A"]
[Site "?"]
[Date "2022.05.01"]
[Round "3.1"]
[White "Rafayevych, Vilen"]
[Black "Bures, Jaroslav"]
[Result "1/2-1/2"]
[WhiteElo "2156"]
[BlackElo "2438"]
[PlyCount "90"]
[EventDate "2021.10.10"]
[EventType "team-tourn"]
[EventCountry "GER"]
[WhiteTeam "Magdeburg SG Aufbau Elbe II"]
[BlackTeam "Hoyerswerda FVS ASP"]
[WhiteTeamCountry "GER"]
[BlackTeamCountry "GER"]

1. d4 Nf6 2. c4 c5 3. d5 b5 4. cxb5 a6 5. b6 Qxb6 6. Nc3 e6 7. e4 exd5 8. exd5
d6 9. Be2 Nbd7 10. Nf3 Be7 11. O-O O-O 12. a4 a5 13. Ra3 Qd8 14. Nd2 Nb6 15.
Nc4 Nfd7 16. Bf4 Nxc4 17. Bxc4 Nb6 18. Ba2 Bg5 19. Bxg5 Qxg5 20. Ne4 Qf4 21.
Re1 Bg4 22. Qc2 Rae8 23. Rg3 f5 24. h3 Bh5 25. Qc3 Qe5 26. Qxa5 Nc8 27. Rg5 Bg6
28. Qb5 Kh8 29. Re3 Qd4 30. Rxg6 hxg6 31. Rd3 Qe5 32. Ng5 Qe1+ 33. Kh2 Re2 34.
Re3 Rxe3 35. fxe3 Qxe3 36. Ne6 Re8 37. a5 f4 38. Qc4 Qg3+ 39. Kh1 f3 40. gxf3
Qxh3+ 41. Kg1 Qg3+ 42. Kf1 Qxf3+ 43. Ke1 g5 44. Qe2 Qxe2+ 45. Kxe2 Kh7 1/2-1/2

[Event "Oberliga Ost A"]
[Site "?"]
[Date "2022.05.01"]
[Round "3.2"]
[White "Orsag, Milan"]
[Black "Wagner, Benjamin"]
[Result "1-0"]
[WhiteElo "2312"]
[BlackElo "2036"]
[PlyCount "67"]
[EventDate "2021.10.10"]
[EventType "team-tourn"]
[EventCountry "GER"]
[WhiteTeam "Hoyerswerda FVS ASP"]
[BlackTeam "Magdeburg SG Aufbau Elbe II"]
[WhiteTeamCountry "GER"]
[BlackTeamCountry "GER"]

1. d4 d5 2. Nf3 Nf6 3. c4 e6 4. Nc3 Bb4 5. Qa4+ Nc6 6. e3 O-O 7. a3 Bxc3+ 8.
bxc3 Qe8 9. Qc2 b6 10. a4 Kh8 11. Ba3 Rg8 12. Ng5 Ba6 13. cxd5 Bxf1 14. dxe6
fxe6 15. Kxf1 h6 16. h4 e5 17. Qf5 exd4 18. exd4 Rd8 19. Re1 Rd5 20. Qc2 Qd7
21. Re7 Qf5 22. Qxf5 Rxf5 23. Rxc7 Na5 24. Rh3 Ng4 25. Rf7 Rd5 26. Ne6 Nc4 27.
Bf8 Nd6 28. Rd7 Nxf2 29. Rg3 Rxf8 30. Nxf8 Nfe4 31. Rgxg7 Rf5+ 32. Ke1 Rxf8 33.
Rh7+ Kg8 34. Rdg7# 1-0

[Event "Oberliga Ost A"]
[Site "?"]
[Date "2022.05.01"]
[Round "3.3"]
[White "Koenig, Marco"]
[Black "Hovsepyan, Vardan"]
[Result "0-1"]
[WhiteElo "2143"]
[BlackElo "2240"]
[PlyCount "62"]
[EventDate "2021.10.10"]
[EventType "team-tourn"]
[EventCountry "GER"]
[WhiteTeam "Magdeburg SG Aufbau Elbe II"]
[BlackTeam "Hoyerswerda FVS ASP"]
[WhiteTeamCountry "GER"]
[BlackTeamCountry "GER"]

1. e4 c5 2. Nf3 e6 3. d4 cxd4 4. Nxd4 Nf6 5. Nc3 Nc6 6. Be3 Bb4 7. Bd3 d5 8.
Nxc6 bxc6 9. e5 Nd7 10. f4 c5 11. Bd2 c4 12. Be2 Qb6 13. Na4 Qa5 14. c3 Be7 15.
Be3 Ba6 16. b4 Qc7 17. O-O O-O 18. Bd4 Bb7 19. Bg4 Bc6 20. Qc2 a5 21. Nc5 axb4
22. cxb4 Nxc5 23. bxc5 Ba4 24. Qf2 g6 25. Rac1 Rfc8 26. Kh1 Bxc5 27. Bxc5 Qxc5
28. Qh4 Bd7 29. Qf6 Rxa2 30. h4 Qf8 31. Rc3 Qd8 0-1

[Event "Oberliga Ost A"]
[Site "?"]
[Date "2022.05.01"]
[Round "3.4"]
[White "Boehm, Robert"]
[Black "Windelband, Jens"]
[Result "1-0"]
[WhiteElo "2145"]
[BlackElo "2079"]
[PlyCount "71"]
[EventDate "2021.10.10"]
[EventType "team-tourn"]
[EventCountry "GER"]
[WhiteTeam "Hoyerswerda FVS ASP"]
[BlackTeam "Magdeburg SG Aufbau Elbe II"]
[WhiteTeamCountry "GER"]
[BlackTeamCountry "GER"]

1. d4 f5 2. Nf3 d6 3. c4 g6 4. b4 Bg7 5. Bb2 Nh6 6. e3 O-O 7. Be2 Nf7 8. Qb3 e5
9. dxe5 dxe5 10. c5 Qe7 11. Nbd2 Nd7 12. O-O a5 13. a3 g5 14. Nc4 axb4 15. axb4
Rxa1 16. Rxa1 Kh8 17. Ra7 g4 18. Nfd2 Nf6 19. Na5 f4 20. Nxb7 Ng5 21. Nd6 f3
22. Bc4 fxg2 23. Kxg2 Qd8 24. Bxe5 cxd6 25. Bxd6 Bd7 26. b5 Nfe4 27. Nxe4 Nxe4
28. Bxf8 Qxf8 29. Qc2 Qf3+ 30. Kg1 Ng5 31. Bf1 Bf5 32. Bg2 Bxc2 33. Bxf3 gxf3
34. Ra8+ Bf8 35. Rxf8+ Kg7 36. Rc8 1-0

[Event "Oberliga Ost A"]
[Site "?"]
[Date "2022.05.01"]
[Round "3.5"]
[White "Brueggemann, Florian"]
[Black "Grohmann, Alexander"]
[Result "1/2-1/2"]
[WhiteElo "1964"]
[BlackElo "1961"]
[PlyCount "79"]
[EventDate "2021.10.10"]
[EventType "team-tourn"]
[EventCountry "GER"]
[WhiteTeam "Magdeburg SG Aufbau Elbe II"]
[BlackTeam "Hoyerswerda FVS ASP"]
[WhiteTeamCountry "GER"]
[BlackTeamCountry "GER"]

1. e4 c5 2. Nf3 d6 3. Bc4 e6 4. Qe2 a6 5. c3 Nc6 6. Bb3 Nf6 7. O-O Be7 8. Rd1
O-O 9. d3 Re8 10. Nbd2 Qc7 11. Nf1 Ne5 12. Ne1 b5 13. Bc2 Bb7 14. f4 Ng6 15. g4
Nd7 16. Ng3 Bh4 17. Ng2 Bxg3 18. hxg3 d5 19. a4 Rac8 20. axb5 axb5 21. Be3 c4
22. e5 Nc5 23. Bxc5 cxd3 24. Bxd3 Qxc5+ 25. Qf2 f6 26. Qxc5 Rxc5 27. Bxg6 hxg6
28. Ra7 Rb8 29. Rd4 Rc4 30. Kf2 b4 31. Ne3 bxc3 32. Nxc4 dxc4 33. bxc3 Bd5 34.
Rxd5 exd5 35. Ke3 Rb1 36. Rd7 Rd1 37. e6 Rd3+ 38. Ke2 Kf8 39. f5 gxf5 40. gxf5
1/2-1/2

[Event "Oberliga Ost A"]
[Site "?"]
[Date "2022.05.01"]
[Round "3.6"]
[White "Heyme, Sibylle"]
[Black "Erbs, Susan"]
[Result "1/2-1/2"]
[WhiteElo "1996"]
[BlackElo "2014"]
[PlyCount "20"]
[EventDate "2021.10.10"]
[EventType "team-tourn"]
[EventCountry "GER"]
[WhiteTeam "Hoyerswerda FVS ASP"]
[BlackTeam "Magdeburg SG Aufbau Elbe II"]
[WhiteTeamCountry "GER"]
[BlackTeamCountry "GER"]

1. e4 d6 2. d4 Nf6 3. Nc3 g6 4. Nf3 Bg7 5. Be2 O-O 6. O-O c6 7. a4 b6 8. Re1 a6
9. Bg5 Qc7 10. h3 Re8 1/2-1/2

[Event "Oberliga Ost A"]
[Site "?"]
[Date "2022.05.01"]
[Round "3.7"]
[White "Heyne, Jan Hendrik"]
[Black "Hassemeier, Mika"]
[Result "0-1"]
[WhiteElo "1847"]
[BlackElo "2109"]
[PlyCount "68"]
[EventDate "2021.10.10"]
[EventType "team-tourn"]
[EventCountry "GER"]
[WhiteTeam "Magdeburg SG Aufbau Elbe II"]
[BlackTeam "Hoyerswerda FVS ASP"]
[WhiteTeamCountry "GER"]
[BlackTeamCountry "GER"]

1. e4 c6 2. Nf3 g6 3. d4 d5 4. exd5 cxd5 5. Ne5 Nc6 6. Bb5 Bd7 7. Nxd7 Qxd7 8.
c3 Bg7 9. O-O e6 10. Nd2 Nge7 11. Qe2 O-O 12. f4 a6 13. Bd3 b5 14. a3 Nc8 15.
Nf3 Rb8 16. Ne5 Nxe5 17. fxe5 a5 18. Bd2 Na7 19. Rf3 b4 20. axb4 axb4 21. Qf2
bxc3 22. bxc3 Rb2 23. Qe3 Rc8 24. Raf1 Rc7 25. Qf4 Qe7 26. h4 Nb5 27. Bxb5 Rxb5
28. h5 Ra7 29. Qg4 Rb2 30. Bg5 Qe8 31. Bf6 Raa2 32. hxg6 hxg6 33. Rg3 Qb5 34.
Bxg7 Qxf1+ 0-1

[Event "Oberliga Ost A"]
[Site "?"]
[Date "2022.05.01"]
[Round "3.8"]
[White "Nestler, Reiner"]
[Black "Willberg, Frank"]
[Result "1/2-1/2"]
[WhiteElo "2094"]
[BlackElo "1893"]
[PlyCount "33"]
[EventDate "2021.10.10"]
[EventType "team-tourn"]
[EventCountry "GER"]
[WhiteTeam "Hoyerswerda FVS ASP"]
[BlackTeam "Magdeburg SG Aufbau Elbe II"]
[WhiteTeamCountry "GER"]
[BlackTeamCountry "GER"]

{[%evp 0,33,19,21,16,-16,42,37,67,51,43,51,51,51,51,51,51,15,43,55,40,29,46,36,
34,39,69,70,67,28,68,61,61,63,53,18]} 1. d4 Nf6 2. c4 g6 3. Nc3 d5 4. cxd5 Nxd5
5. e4 Nxc3 6. bxc3 Bg7 7. Bc4 c5 8. Ne2 cxd4 9. cxd4 O-O 10. O-O Nc6 11. Be3
Na5 12. Bd3 b6 13. Qd2 Bb7 14. Bh6 e6 15. Bxg7 Kxg7 16. Rac1 Qd6 17. Qb2
1/2-1/2

[Event "Oberliga Ost A"]
[Site "?"]
[Date "2022.05.01"]
[Round "3.1"]
[White "Burian, Simon"]
[Black "Schunk, Thomas"]
[Result "1-0"]
[WhiteElo "2172"]
[BlackElo "2143"]
[PlyCount "95"]
[EventDate "2021.10.10"]
[EventType "team-tourn"]
[EventCountry "GER"]
[WhiteTeam "Plauen SK Koenig"]
[BlackTeam "Leipzig SG II"]
[WhiteTeamCountry "GER"]
[BlackTeamCountry "GER"]

1. e4 e5 2. Nf3 d6 3. d4 Nf6 4. dxe5 Nxe4 5. Qd5 Nc5 6. Bg5 Qd7 7. exd6 Bxd6 8.
Nc3 O-O 9. O-O-O Nc6 10. Nb5 Qg4 11. Nxd6 cxd6 12. Be3 Be6 13. Qxd6 Ne4 14. Qa3
Rac8 15. h3 Qg6 16. Bd3 f5 17. Bxe4 fxe4 18. Ng5 Kh8 19. Nxe6 Qxe6 20. Rd6 Qc4
21. Qb3 Ne5 22. Qxc4 Nxc4 23. Rd4 Nxe3 24. fxe3 h6 25. Rhd1 Rf2 26. R4d2 Rf7
27. Rd8+ Rxd8 28. Rxd8+ Kh7 29. b3 Rf1+ 30. Rd1 Rf2 31. Rd2 Rf1+ 32. Kb2 Re1
33. Rd7 Rxe3 34. Rxb7 Rg3 35. Rxa7 Kg6 36. Re7 Kf5 37. a4 Kf4 38. a5 e3 39. b4
Rg6 40. Kb3 Rxg2 41. a6 e2 42. Kc3 Rg6 43. b5 Rg1 44. Rxe2 Ra1 45. Re7 g5 46.
a7 Kf5 47. b6 Ra6 48. Re8 1-0

[Event "Oberliga Ost A"]
[Site "?"]
[Date "2022.05.01"]
[Round "3.3"]
[White "Kuraszkiewicz, Michael"]
[Black "Schultz, Andreas"]
[Result "0-1"]
[WhiteElo "2275"]
[BlackElo "2182"]
[PlyCount "68"]
[EventDate "2021.10.10"]
[EventType "team-tourn"]
[EventCountry "GER"]
[WhiteTeam "Plauen SK Koenig"]
[BlackTeam "Leipzig SG II"]
[WhiteTeamCountry "GER"]
[BlackTeamCountry "GER"]

1. e4 e6 2. d4 d5 3. e5 c5 4. c3 Nc6 5. Nf3 Bd7 6. Be2 Nge7 7. O-O Ng6 8. g3
cxd4 9. cxd4 Be7 10. h4 O-O 11. h5 Nh8 12. Nbd2 f6 13. Nb3 fxe5 14. Nxe5 Nxe5
15. dxe5 Nf7 16. f4 Qb6+ 17. Kh1 Bb5 18. Bxb5 Qxb5 19. Be3 Qd7 20. Qe2 Rfc8 21.
Bd4 a5 22. f5 Rc4 23. f6 Bf8 24. Rf4 gxf6 25. Qg4+ Kh8 26. exf6 Bh6 27. Raf1
Rg8 28. Qh3 Bxf4 29. Rxf4 Qc8 30. Bc3 b6 31. Nd2 Rxf4 32. gxf4 d4 33. Bxd4 Qc1+
34. Nf1 Qxf4 0-1